| 000 | 00576nam a22001337a 4500 | ||
|---|---|---|---|
| 082 |
_a823 _bSAI/L |
||
| 100 | _aSAINT, ANTONINE DE | ||
| 245 | _aTHE LITTLE PRINCE | ||
| 260 |
_aLONDON _bPAN BOOKS LTD _c1979 |
||
| 300 | _a90 | ||
| 520 | _aIn the book, narrated by an unnamed pilot, the pilot's plane crashes in the desert. He meets a boy, whom he calls the little prince, from asteroid B-612. As the pilot repairs his plane, he learns of the little prince's travels. The little prince lives on a tiny planet and cares for a beautiful rose. | ||
| 650 | _aSHORT STORY | ||
| 942 | _cBK | ||
| 999 |
_c6602 _d6602 |
||